| 000 | 01136cam a2200301 a 4500 | ||
|---|---|---|---|
| 001 | 13582072 | ||
| 003 | OSt | ||
| 005 | 20240708094417.0 | ||
| 008 | 040504s2003 enkab b 001 0 eng | ||
| 010 | _a 2004271618 | ||
| 020 | _a0340809493 (pb) | ||
| 040 | _cmust | ||
| 050 | 0 | 0 |
_aGF41 _b.M525 2003 |
| 082 | 0 | 0 |
_a333.72 MID 2003 _222 |
| 100 | 1 |
_aMiddleton, Nick. _99853 |
|
| 245 | 1 | 4 |
_aThe global casino : _ban introduction to environmental issues / _cNick Middleton. |
| 250 | _a3rd ed. | ||
| 260 |
_aLondon : _bArnold ; _aNew York : _bDistributed in the U.S.A. by Oxford University Press, _c2003. |
||
| 300 |
_axi, 435 p. : _bill., maps ; _c25 cm. |
||
| 504 | _aIncludes bibliographical references (p. [398]-423) and index. | ||
| 650 | 0 |
_aHuman ecology. _94354 |
|
| 650 | 0 |
_aEnvironmental policy. _91624 |
|
| 650 | 0 |
_aEnvironmentalism. _918478 |
|
| 856 | 4 | 2 |
_3Publisher description _uhttp://www.loc.gov/catdir/enhancements/fy0620/2004271618-d.html |
| 906 |
_a7 _bcbc _corigcop _d2 _encip _f20 _gy-gencatlg |
||
| 942 |
_2ddc _cO_SHELF |
||
| 999 |
_c9081 _d9081 |
||